| 000 | 00892nam a22002417a 4500 | ||
|---|---|---|---|
| 003 | OSt | ||
| 005 | 20231004105830.0 | ||
| 008 | 230922s2018 mx a||||r|||| 00| 0 spa d | ||
| 040 |
_cCHAP _erda |
||
| 090 | _aFolleto 18534 | ||
| 245 | 0 | 0 |
_aInclusión social de familias milperas de la península de Yucatán / _cpor Tania Carolina Camacho Villa. |
| 246 | 1 | 4 | _aFamilias milperas de la peninsula de Yucatán |
| 264 | 1 |
_aMéxico : _bCIMMYT, _c2018. |
|
| 300 |
_a51 páginas: _bfotografías. |
||
| 336 |
_2rdacontent _atexto _btxt |
||
| 337 |
_2rdamedia _asin medio _bn |
||
| 338 |
_2rdacarrier _avolumen _bnc |
||
| 650 | 4 |
_9188003 _aGranjas familiares _xProgramas de desarrollo _zYucatán |
|
| 650 | 4 |
_937164 _aEntrevistas |
|
| 650 | 4 |
_9162285 _aMaíz _xCultivo _xMéxico _xYucatán |
|
| 700 | 1 |
_917716 _aCamacho Villa, Tania Carolina |
|
| 942 |
_2Clasificación Universidad Autónoma Chapingo _cFOLL |
||
| 999 |
_c219174 _d219174 |
||